[Event "ch-IRI 2017"]
[Site "Tehran IRI"]
[Date "2017.03.11"]
[Round "9.5"]
[White "Darini,P"]
[Black "Ghaem Maghami,E"]
[Result "1-0"]
[WhiteElo "2518"]
[BlackElo "2577"]

1.e4 c5 2.Nf3 e6 3.d4 cxd4 4.Nxd4 a6 5.Nc3 b5 6.Bd3 Bb7 7.O-O Qb6 8.Nf3 Qc7
9.e5 f5 10.Re1 Bc5 11.Ng5 g6 12.Nf3 h6 13.a4 b4 14.Nb1 Nc6 15.Nbd2 Na5 16.Nb3
Nxb3 17.cxb3 Ne7 18.Nd2 Qc6 19.Bf1 Qd5 20.Nc4 Qxd1 21.Rxd1 Bd5 22.Be3 Bxe3
23.Nxe3 Bxb3 24.Rd6 Kf7 25.Bxa6 Rhb8 26.a5 Ra7 27.Bc4 Bxc4 28.Nxc4 Nd5 29.b3
Ke7 30.f3 Rb5 31.Kf2 g5 32.h4 gxh4 33.Rh1 Nf4 34.Rd4 Ng6 35.f4 Rd5 36.Ke3 Rc5
37.Rhd1 Kd8 38.Rd6 Ke8 39.Rb6 Ne7 40.Rxb4 Nc6 41.Nd6+ Kf8 42.Rb7 Rcxa5 43.Rxa7
Rxa7 44.Nc4 Rb7 45.Nd2 Ne7 46.Rh1 Rb4 47.Rxh4 Ng6 48.Rxh6 Kg7 49.Rh1 Nxf4
50.Nc4 Nxg2+ 51.Kf3 Rxb3+ 52.Kxg2 Rd3 53.Kf2 Rd4 54.Rg1+ Kf8 55.Nd6 Rd5 56.Re1
Ke7 57.Kf3 Rd4 58.Rh1 Ra4 59.Rh8 {#r} 1-0

[Event "Stockholm Chess Challenge"]
[Site "Stockholm SWE"]
[Date "2017.03.11"]
[Round "8.2"]
[White "Tukhaev,A"]
[Black "Lindgren,P"]
[Result "1-0"]
[WhiteElo "2541"]
[BlackElo "2421"]

1.e4 c5 2.Nf3 d6 3.d4 cxd4 4.Nxd4 Nf6 5.Nc3 a6 6.Be3 e5 7.Nb3 Be7 8.h3 Be6
9.f4 exf4 10.Bxf4 Nc6 11.Qe2 Nd7 12.O-O-O Nce5 13.Kb1 Rc8 14.Qe3 Qc7 15.Bg5
Nf6 16.Nd4 O-O 17.g4 Qa5 18.Nb3 Qc7 19.Nd4 Rfe8 20.Rh2 Nc4 21.Bxc4 Qxc4 22.Nf5
Bxf5 23.exf5 d5 24.Qd2 d4 25.Bxf6 Bxf6 26.Ne2 Re4 27.Nc1 Rce8 28.g5 Be5 29.Rf2
Bg3 30.Rf3 Be1 31.Qh2 Bh4 32.Qg2 Re2 33.Nxe2 Rxe2 34.Rc3 Rxg2 35.Rxc4 h6
36.gxh6 gxh6 37.Rcxd4 {#r} 1-0

[Event "Stockholm Chess Challenge"]
[Site "Stockholm SWE"]
[Date "2017.03.11"]
[Round "8.4"]
[White "Hansen,Mads3"]
[Black "Pogosyan,Stefan"]
[Result "0-1"]
[WhiteElo "2446"]
[BlackElo "2215"]

1.e4 e5 2.Nf3 Nc6 3.Bb5 a6 4.Ba4 Nf6 5.O-O Be7 6.Re1 b5 7.Bb3 d6 8.c3 O-O 9.h3
Nb8 10.d4 Nbd7 11.Nbd2 Bb7 12.Bc2 Re8 13.a4 Bf8 14.b3 c6 15.Bb2 Qc7 16.Bd3 g6
17.Qc2 Bg7 18.Bf1 Nf8 19.b4 N6d7 20.Nb3 Nb6 21.a5 Nc4 22.Bc1 exd4 23.cxd4 d5
24.e5 f6 25.exf6 Bxf6 26.Bh6 Ne6 27.Bd3 Qf7 28.Re2 Rad8 29.Rae1 Bc8 30.Qc1 Ng7
31.g4 Rxe2 32.Rxe2 Re8 33.Rxe8+ Nxe8 34.Qf4 Qc7 35.Qc1 Ned6 36.Bf4 Qe7 37.Nc5
Nb7 38.Bxc4 dxc4 39.Bg5 Nxc5 40.dxc5 Be6 41.Qe3 Bxg4 42.Bxf6 Qxe3 43.fxe3 Bxf3
44.Kf2 Kf7 45.Bd4 Bd5 46.Kg3 g5 47.h4 Kg6 48.hxg5 Kxg5 49.Bc3 Kf5 50.Kf2 h5
51.Ke2 h4 52.Be1 h3 53.Bg3 Ke4 54.Bh2 Be6 {#R} 0-1

[Event "Stockholm Chess Challenge"]
[Site "Stockholm SWE"]
[Date "2017.03.11"]
[Round "8.5"]
[White "Haubro,M"]
[Black "Thorn,E"]
[Result "0-1"]
[WhiteElo "2347"]
[BlackElo "2284"]

1.e4 e5 2.Nf3 Nc6 3.Bb5 a6 4.Ba4 Nf6 5.O-O Be7 6.Re1 b5 7.Bb3 O-O 8.c3 d6 9.h3
Rb8 10.d4 exd4 11.cxd4 d5 12.e5 Ne4 13.Nbd2 Bf5 14.Bc2 Nb4 15.Bb1 c5 16.Nxe4
dxe4 17.Bxe4 Bxe4 18.Rxe4 Qd5 19.Qe2 c4 20.Bf4 Rb6 21.Bg3 Re8 22.Nh4 Nd3
23.Rd1 Nxb2 24.Rf1 Nd3 25.Nf5 Bf8 26.Rh4 Rg6 27.f4 Be7 28.Nxe7+ Rxe7 29.Kh2
Rxg3 30.Kxg3 Qxd4 31.Qh5 h6 32.Rg4 Re6 33.Rd1 Rg6 34.Rxg6 Qxf4# 0-1

[Event "Stockholm Chess Challenge"]
[Site "Stockholm SWE"]
[Date "2017.03.11"]
[Round "8.8"]
[White "Mihajlov,Seb"]
[Black "Risting,Eivind Olav"]
[Result "1-0"]
[WhiteElo "2346"]
[BlackElo "2283"]

1.d4 Nf6 2.Nf3 c5 3.e3 g6 4.Bd3 Bg7 5.O-O O-O 6.c3 d5 7.Nbd2 Nc6 8.dxc5 Qc7
9.e4 Rd8 10.Qe2 Bg4 11.h3 Ne5 12.Bc2 dxe4 13.hxg4 exf3 14.gxf3 Qxc5 15.Ne4
Nxe4 16.Bxe4 Qc4 17.Qxc4 Nxc4 18.Re1 Rd7 19.Kg2 Rad8 20.Re2 Kf8 21.f4 b6 22.f5
Ne5 23.f3 Nd3 24.Be3 Nc5 25.Bc2 Kg8 26.a4 Nb7 27.Kg3 Na5 28.Rh1 Nc4 29.Bc1
Be5+ 30.f4 Bg7 31.Reh2 h6 32.fxg6 f6 33.f5 Nd2 34.Kf4 Kf8 35.b3 {#r} 1-0

[Event "Stockholm Chess Challenge"]
[Site "Stockholm SWE"]
[Date "2017.03.11"]
[Round "8.11"]
[White "Sorensen,Hampus"]
[Black "Tryggestad,Andreas Garberg"]
[Result "1-0"]
[WhiteElo "2192"]
[BlackElo "2324"]

1.d4 Nf6 2.c4 g6 3.Nc3 d5 4.Nf3 Bg7 5.Qb3 dxc4 6.Qxc4 a6 7.Bf4 b5 8.Qxc7 Qxc7
9.Bxc7 b4 10.Na4 Nbd7 11.e3 Bb7 12.Nb6 Nxb6 13.Bxb6 Rb8 14.Ba7 Rc8 15.Bc5 a5
16.Bb5+ Bc6 17.Bxc6+ Rxc6 18.Ne5 Rc8 19.O-O Nd7 20.Nxd7 Kxd7 21.Rfd1 Rc6
22.Kf1 Rhc8 23.Rd3 e5 24.dxe5+ Ke6 25.Bd4 Bxe5 26.Bxe5 Rc1+ 27.Rxc1 Rxc1+
28.Ke2 Kxe5 29.a3 Rc2+ 30.Rd2 Rc1 31.axb4 axb4 32.Kf3 Rb1 33.Ke2 Rc1 34.Kd3
Kd5 35.e4+ Ke5 36.f3 h5 37.Rc2 Rh1 38.g3 Rd1+ 39.Rd2 Rc1 40.f4+ Ke6 41.Rc2 Re1
42.Rc4 Rh1 43.Rxb4 Rxh2 44.Ke3 Kf6 45.Kf3 Rh1 46.Rb6+ Ke7 47.b4 Rf1+ 48.Kg2
Re1 49.Kf3 Rf1+ 50.Ke2 Rb1 51.b5 Rb4 52.Kf3 Rb3+ 53.Kg2 Rb4 54.e5 Rb3 55.Rb8
Ke6 56.b6 Kf5 57.Kh3 Ke6 58.b7 Ke7 59.e6 {#r} 1-0

[Event "Stockholm Chess Challenge"]
[Site "Stockholm SWE"]
[Date "2017.03.11"]
[Round "9.2"]
[White "Maiorov,N1"]
[Black "Lindgren,P"]
[Result "1-0"]
[WhiteElo "2518"]
[BlackElo "2421"]

1.d4 d5 2.c4 c6 3.Nc3 Nf6 4.e3 e6 5.Nf3 Nbd7 6.Qc2 Bd6 7.Bd3 O-O 8.O-O dxc4
9.Bxc4 b5 10.Be2 Bb7 11.Rd1 Qc7 12.e4 e5 13.Bg5 exd4 14.Rxd4 Ne5 15.g3 Nxf3+
16.Bxf3 Be5 17.Bxf6 gxf6 18.Rd2 Rfd8 19.Bg4 Kg7 20.Rad1 Qb6 21.Kg2 Bxc3
22.Qxc3 c5 23.f3 Rxd2+ 24.Qxd2 Qc7 25.b3 Re8 26.Qc3 Qe5 27.Qxe5 Rxe5 28.Rc1 c4
29.bxc4 Rc5 30.Rb1 Rxc4 31.Rxb5 Rc2+ 32.Kg1 Ba6 33.Ra5 Bc4 34.a3 a6 35.Rc5
Rc1+ 36.Kf2 Rf1+ 37.Ke3 Bb5 38.Rc3 Rh1 39.h4 Ra1 40.Kf4 Be2 41.Bd7 Bd1 42.Ke3
a5 43.Kd2 a4 44.Rc1 Rxc1 45.Kxc1 Bxf3 46.Bxa4 Bxe4 47.Bc2 Bc6 48.Kd2 f5 49.Ke3
Kf6 50.Kf4 Bb5 51.a4 Ba6 52.Bxf5 h6 53.Bd7 Ke7 54.Bb5 Bc8 55.a5 Kd6 56.a6 Kd5
{#r} 1-0

[Event "Stockholm Chess Challenge"]
[Site "Stockholm SWE"]
[Date "2017.03.11"]
[Round "9.3"]
[White "Blomqvist,E"]
[Black "Thorn,E"]
[Result "1-0"]
[WhiteElo "2554"]
[BlackElo "2284"]

1.e4 e5 2.Nf3 Nc6 3.Bb5 a6 4.Ba4 Nf6 5.O-O Be7 6.d3 b5 7.Bb3 O-O 8.Nc3 d6 9.a3
Be6 10.Nd5 Na5 11.Nxf6+ Bxf6 12.Bxe6 fxe6 13.b4 Nc6 14.c3 a5 15.Be3 Qd7 16.Nd2
Ne7 17.g3 Ng6 18.Qg4 Ra6 19.h4 Rfa8 20.Rac1 axb4 21.axb4 Ra3 22.h5 Nf8 23.Nf3
Qf7 24.Kg2 Nd7 25.h6 g6 26.d4 c6 27.dxe5 Nxe5 28.Nxe5 Bxe5 29.c4 bxc4 30.Rxc4
Rf8 31.Qe2 d5 32.Rxc6 Bxg3 33.Bc5 Ra2 34.Qe3 Bf4 35.Qh3 Re8 36.exd5 exd5
37.Bd4 Be5 38.Re1 Qb7 39.Re6 {#r} 1-0

[Event "Stockholm Chess Challenge"]
[Site "Stockholm SWE"]
[Date "2017.03.11"]
[Round "9.4"]
[White "Tukhaev,A"]
[Black "Hansen,Mads3"]
[Result "1-0"]
[WhiteElo "2541"]
[BlackElo "2446"]

1.e4 e5 2.Nf3 Nc6 3.Bb5 a6 4.Ba4 Nf6 5.O-O Be7 6.Re1 b5 7.Bb3 d6 8.c3 O-O 9.h3
Na5 10.Bc2 c5 11.d4 Qc7 12.Nbd2 Nc6 13.d5 Nd8 14.Nf1 Ne8 15.g4 g6 16.Ng3 Ng7
17.Kh2 f6 18.Rg1 Nf7 19.Ne1 Qd7 20.Ng2 h5 21.f4 exf4 22.Nxf4 h4 23.Nf5 gxf5
24.gxf5 Ng5 25.Rg4 Kf7 26.Rxh4 Bb7 27.Ng6 Rg8 28.Bxg5 fxg5 29.e5 Ke8 30.e6 Qc7
31.Rh7 Bf6 32.Be4 c4 33.Qg1 Rc8 34.h4 gxh4 35.Nf4 Qe7 36.Qg6+ Kd8 37.Nh5 Be5+
38.Kh3 Bxd5 39.Bxd5 Qa7 40.Qg5+ {#r} 1-0

[Event "Stockholm Chess Challenge"]
[Site "Stockholm SWE"]
[Date "2017.03.11"]
[Round "9.6"]
[White "Hemant,S2"]
[Black "Haubro,M"]
[Result "0-1"]
[WhiteElo "2399"]
[BlackElo "2347"]

1.Nf3 Nf6 2.c4 c5 3.g3 b6 4.Bg2 Bb7 5.Nc3 g6 6.b3 Bg7 7.Bb2 O-O 8.O-O d6 9.d4
cxd4 10.Qxd4 Nbd7 11.Nd5 b5 12.Rab1 bxc4 13.Nxf6+ Bxf6 14.Qxc4 Rc8 15.Qb4 Bxf3
16.Bxf3 Rc2 17.Bxf6 Nxf6 18.Qb7 Qd7 19.Qa6 Qc7 20.b4 Nd7 21.a4 Ne5 22.Be4 Qc4
23.Qxc4 Rxc4 24.Bd5 Rc2 25.e3 e6 26.Bb3 Rc3 27.Rfc1 Rfc8 28.Rxc3 Rxc3 29.Bd1
Kf8 30.Kf1 Ke7 31.Ke2 d5 32.b5 Nd7 33.Kd2 Ra3 34.Rc1 Ra2+ 35.Kd3 Kd8 36.Bb3
Rxf2 37.a5 Rb2 38.Kc3 Re2 39.Kd3 Rb2 40.Kc3 Rxh2 41.Kb4 Re2 42.b6 Nxb6 43.axb6
axb6 44.Rc3 h5 45.Kb5 Ke7 46.Kxb6 Rg2 47.Rc7+ Kf6 48.Ba4 Rxg3 49.Be8 Rxe3
50.Rxf7+ Ke5 51.Rh7 Rg3 52.Kc5 Rg4 53.Bd7 h4 54.Re7 Rc4+ 55.Kb5 Kd6 56.Rxe6+
Kxd7 57.Rxg6 Ke7 58.Rh6 Rg4 59.Kc5 d4 60.Kc4 Kf7 61.Kd3 Kg7 62.Rh5 Kg6 63.Rh8
Rf4 64.Rg8+ Kf5 65.Rg7 h3 66.Rh7 Kg4 67.Ke2 Kg3 {#R} 0-1

[Event "Stockholm Chess Challenge"]
[Site "Stockholm SWE"]
[Date "2017.03.11"]
[Round "9.8"]
[White "Tuomainen,Felix"]
[Black "Kenneskog,Theodor"]
[Result "0-1"]
[WhiteElo "2297"]
[BlackElo "2323"]

1.d4 d5 2.c4 e6 3.Nc3 c6 4.Nf3 dxc4 5.e3 b5 6.a4 Bb4 7.Bd2 a5 8.axb5 Bxc3
9.Bxc3 cxb5 10.b3 Bb7 11.bxc4 b4 12.Bb2 Nf6 13.Qc2 O-O 14.Bd3 Nbd7 15.e4 Nh5
16.e5 g6 17.Qd2 a4 18.Qxb4 Bxf3 19.gxf3 Nxe5 20.Be2 Nc6 21.Qd2 Qa5 22.Bc3 Qf5
23.Rg1 Rfd8 24.Rg5 Qf4 25.d5 exd5 26.cxd5 Qxd2+ 27.Kxd2 Nf4 28.Bc4 h6 29.Rg4
Nxd5 30.Kc2 Ncb4+ 31.Bxb4 Nxb4+ 32.Kc3 Nd5+ 33.Kc2 Kg7 34.Bb5 Rac8+ 35.Rc4 Nb6
36.Rxc8 Rxc8+ 37.Kd3 Rc5 38.Ba6 Ra5 39.Bb7 a3 40.Kc3 Nd5+ 41.Kc4 Nf4 42.Kb4
Rh5 43.Rxa3 Rxh2 44.Kc4 Rxf2 45.Kd4 Re2 46.Be4 h5 47.Re3 Rxe3 48.Kxe3 g5
49.Bf5 Kf6 50.Bc8 Ke5 51.Kf2 h4 52.Bd7 Kd4 53.Be8 f6 54.Bd7 Ke5 55.Bc8 Nd5
56.Bd7 Kf4 57.Be6 Ne3 58.Bd7 f5 59.Be6 h3 {#R} 0-1

[Event "Stockholm Chess Challenge"]
[Site "Stockholm SWE"]
[Date "2017.03.11"]
[Round "9.9"]
[White "Sahil,Tic"]
[Black "Pantzar,Milton"]
[Result "1-0"]
[WhiteElo "2180"]
[BlackElo "2257"]

1.Nf3 Nf6 2.c4 c5 3.g3 g6 4.Bg2 Bg7 5.O-O O-O 6.Nc3 Nc6 7.Rb1 d5 8.cxd5 Nxd5
9.Nxd5 Qxd5 10.b3 Qd6 11.Bb2 e5 12.d3 Be6 13.Ng5 Bd7 14.Ne4 Qe7 15.Rc1 b6
16.Nc3 Rad8 17.a3 Qd6 18.Ne4 Qe6 19.Bc3 Qe7 20.Rb1 Bc8 21.Nd2 Nd4 22.Re1 Kh8
23.b4 Nb5 24.Bb2 cxb4 25.axb4 Nd4 26.Nf3 Nb5 27.Qa4 a6 28.Qa1 Rfe8 29.Nd2 Nd4
30.Bxd4 Rxd4 31.Qa2 Rxb4 32.Rxb4 Qxb4 33.Rb1 Qc5 34.Ne4 Qc7 35.Ng5 Re7 36.Bd5
Bf6 37.Nxf7+ Kg7 38.h4 h6 39.Qc4 Rxf7 40.Bxf7 Qxc4 41.Bxc4 b5 42.Bd5 Bd7
43.Ra1 Bc8 44.Rc1 {#r} 1-0

[Event "FSGM March 2017"]
[Site "Budapest HUN"]
[Date "2017.03.11"]
[Round "7.1"]
[White "Kollars,Dmitrij"]
[Black "Chekletsov,Ilya"]
[Result "1-0"]
[WhiteElo "2502"]
[BlackElo "2391"]

1.e4 c6 2.d4 d5 3.e5 Bf5 4.h4 h5 5.Bd3 Bxd3 6.Qxd3 e6 7.Bg5 Qb6 8.Nd2 Nd7 9.c4
Qa6 10.b3 Bb4 11.Nf3 Ne7 12.O-O Nf5 13.Rfc1 b6 14.Nf1 Be7 15.Bxe7 Nxe7 16.Ng3
g6 17.Qd2 Rc8 18.Rc2 c5 19.cxd5 exd5 20.Rac1 Rc6 21.dxc5 bxc5 22.b4 c4 23.b5
Qxb5 24.Nd4 Qc5 25.Nxc6 Qxc6 26.Qb4 Qb6 27.Rb2 Qxb4 28.Rxb4 Nb6 29.Rd1 Nc6
30.Rb5 O-O 31.Ne2 Nxe5 32.Nc3 Nd3 33.Nxd5 Nxd5 34.Rxd5 Rc8 35.Rd2 Kg7 36.a3
Nf4 37.Rd7 a5 38.Rc2 Ne6 39.Rd5 c3 40.Kf1 Rc4 41.Rd3 Rxh4 42.g3 Ra4 43.Rdxc3
h4 44.Rc4 Rxa3 45.Rxh4 Ra1+ 46.Kg2 g5 47.Re4 Kf6 48.Rcc4 Rd1 49.Rc6 Ra1 50.Ra6
Ra2 51.Re3 g4 52.Rb3 Kg6 53.Rb5 Re2 54.Rbxa5 f5 55.Rb6 Kf6 56.Rbb5 Ng7 57.Rb4
Ne6 58.Kf1 Re5 59.Rbb5 Rxb5 60.Rxb5 Ng5 61.Ke2 Ne4 62.Ke3 Kg5 63.Rb2 Nf6
64.Kd4 Ne4 65.Ke5 Nc5 66.Rd2 Ne4 67.Rc2 Nf6 68.Rc7 Nh5 69.Rh7 {#r} 1-0

[Event "FSGM March 2017"]
[Site "Budapest HUN"]
[Date "2017.03.11"]
[Round "7.2"]
[White "Manolache,M"]
[Black "Petrov,N"]
[Result "0-1"]
[WhiteElo "2496"]
[BlackElo "2511"]

1.d4 d5 2.Nf3 Nf6 3.c4 c6 4.e3 Bg4 5.Nc3 e6 6.h3 Bh5 7.Qb3 Qb6 8.Nh4 Be7 9.g4
Bg6 10.Nxg6 hxg6 11.f3 Qc7 12.Bd2 Nbd7 13.O-O-O dxc4 14.Bxc4 b5 15.Bd3 a6
16.g5 Nd5 17.Nxd5 cxd5+ 18.Kb1 Bxg5 19.Rdg1 Be7 20.e4 Nb6 21.Ba5 Qb7 22.Rc1
O-O 23.h4 Rfc8 24.Bxb6 Rxc1+ 25.Rxc1 Qxb6 26.exd5 exd5 27.h5 gxh5 28.Qxd5 Rd8
29.Qe4 Bf6 30.Qh7+ Kf8 31.Qh8+ Ke7 32.Re1+ Kd6 33.Qxh5 Qxd4 34.Qh2+ Be5 35.Qc2
Ke7 36.Rd1 Rd6 37.a3 Kf6 38.Be2 Qe3 39.Rxd6+ Bxd6 40.a4 bxa4 41.Qd1 Qf4
42.Bxa6 Qb4 43.Qd5 a3 44.Qb5 Qe1+ 45.Ka2 axb2 46.Qxb2+ Be5 47.Qe2 Qb4 48.Bb5
g6 49.Bc4 Qc3 50.Bd3 Kg7 51.Bc4 Kf6 52.Bd3 Bd4 53.Be4 Qb4 54.Qc2 Kg5 55.Qb3
Qd2+ 56.Qc2 Qa5+ 57.Kb3 f5 58.Bd3 Qb6+ 59.Ka4 Qa7+ 60.Kb3 Qb7+ 61.Kc4 Be5
62.Qe2 Qc6+ 63.Kb4 Kf6 64.Bc4 Qb6+ 65.Ka3 Qa5+ 66.Kb3 Qc3+ 67.Ka4 Kg5 68.Qd3
Qa1+ 69.Kb5 Qb2+ 70.Kc6 Kf4 71.Bd5 Bd4 72.Kd6 Qb8+ 73.Kd7 Ke5 74.Bb3 Qd6+
75.Kc8 Qc6+ 76.Kb8 Qe8+ 77.Kb7 Qd7+ 78.Ka6 Qc6+ 79.Ka5 Bc3+ {#R} 0-1

[Event "FSGM March 2017"]
[Site "Budapest HUN"]
[Date "2017.03.11"]
[Round "7.3"]
[White "Heinz,Ti"]
[Black "Colpe,M"]
[Result "0-1"]
[WhiteElo "2375"]
[BlackElo "2408"]

1.c4 e6 2.Nc3 d5 3.d4 Bb4 4.Nf3 Nf6 5.cxd5 exd5 6.Qa4+ Nc6 7.Ne5 Bd7 8.Nxd7
Qxd7 9.e3 O-O 10.Bd3 Ne5 11.Bb5 Bxc3+ 12.bxc3 c6 13.Be2 b5 14.Qc2 Nc4 15.O-O
Rfe8 16.Bd3 Qd6 17.Qe2 Ne4 18.Qc2 Nf6 19.Qe2 Re6 20.Bd2 h5 21.Bxc4 bxc4 22.f3
Rb8 23.Rfb1 Rxb1+ 24.Rxb1 Qa3 25.Be1 c5 26.Qd2 g6 27.Bf2 cxd4 28.exd4 Rb6
29.Rxb6 axb6 30.Qc2 Nd7 31.Be3 Nf8 32.Bc1 Qa5 33.Bf4 Qa3 34.Bc1 Qe7 35.Kf1 Qh4
36.g3 Qh3+ 37.Kg1 Ne6 38.Ba3 Ng5 39.Qe2 Qf5 40.Kg2 h4 41.g4 Qf4 {#R} 0-1

[Event "FSGM March 2017"]
[Site "Budapest HUN"]
[Date "2017.03.11"]
[Round "7.4"]
[White "Kovalev,An"]
[Black "Iniyan,P"]
[Result "1-0"]
[WhiteElo "2504"]
[BlackElo "2378"]

1.e4 c5 2.Nf3 d6 3.d4 cxd4 4.Nxd4 Nf6 5.Nc3 a6 6.g3 e5 7.Nde2 Be7 8.Bg2 O-O
9.O-O Qc7 10.a4 b6 11.h3 Bb7 12.g4 h6 13.Ng3 Nbd7 14.Nf5 Nc5 15.Nd5 Nxd5
16.exd5 Bf6 17.b4 Nd7 18.h4 e4 19.Ra3 Rfe8 20.g5 hxg5 21.hxg5 Bc3 22.Nxd6 Qxd6
23.Rxc3 f5 24.gxf6 Nxf6 25.Rg3 Qxd5 26.Bb2 Kf7 27.Qc1 Rad8 28.Qf4 Re6 29.Bh3
Rc6 30.Bxf6 gxf6 31.Qh6 Rg8 32.Qh7+ Kf8 33.Qxb7 Rxg3+ 34.fxg3 Qd4+ 35.Kh1 Rxc2
36.Be6 Ke8 37.Qf7+ Kd8 38.Qf8+ Kc7 39.Qc8+ {#r} 1-0

[Event "FSGM March 2017"]
[Site "Budapest HUN"]
[Date "2017.03.11"]
[Round "7.5"]
[White "Torma,R"]
[Black "Czebe,A"]
[Result "1-0"]
[WhiteElo "2499"]
[BlackElo "2490"]

1.d4 g6 2.e4 Bg7 3.Nc3 Nc6 4.d5 Nb8 5.Be3 d6 6.Qd2 c6 7.dxc6 bxc6 8.Bc4 Nd7
9.Nf3 Ngf6 10.O-O O-O 11.Bh6 Ne5 12.Nxe5 dxe5 13.Qxd8 Rxd8 14.Be3 Ne8 15.Rfd1
Rxd1+ 16.Rxd1 Nd6 17.Bb3 Bf8 18.f3 Nb7 19.Ba4 c5 20.Bc6 e6 21.Nb5 Rb8 22.Nxa7
Nd6 23.Bxc5 Nb5 24.Rd8 {#r} 1-0

[Event "FSIM March 2017"]
[Site "Budapest HUN"]
[Date "2017.03.11"]
[Round "7.1"]
[White "Ilincic,Z"]
[Black "Huguet,S"]
[Result "1-0"]
[WhiteElo "2397"]
[BlackElo "2068"]

1.d4 d5 2.g3 Nf6 3.Bg2 Bf5 4.f3 c6 5.Nc3 e6 6.e4 dxe4 7.fxe4 Bg4 8.Bf3 Bxf3
9.Nxf3 Bb4 10.Qd3 Nbd7 11.O-O h6 12.e5 Nd5 13.Ne4 Be7 14.a3 O-O 15.c4 N5b6
16.Rd1 f5 17.exf6 Nxf6 18.b3 c5 19.Nxc5 Bxc5 20.dxc5 Qxd3 21.Rxd3 Nbd7 22.b4
a5 23.Bb2 axb4 24.axb4 Rxa1+ 25.Bxa1 Ra8 26.Bxf6 Nxf6 27.Ne5 Ra2 28.b5 Re2
29.c6 bxc6 30.Rd8+ Kh7 31.bxc6 Re1+ 32.Kg2 {#r} 1-0

[Event "FSIM March 2017"]
[Site "Budapest HUN"]
[Date "2017.03.11"]
[Round "7.3"]
[White "Lyell,M"]
[Black "Chekletsov,Egor"]
[Result "1-0"]
[WhiteElo "2224"]
[BlackElo "2106"]

1.e4 c5 2.c3 d5 3.exd5 Qxd5 4.d4 Nf6 5.Nf3 Bg4 6.dxc5 e6 7.Qxd5 exd5 8.Be3
Nbd7 9.b4 a5 10.Nbd2 Be7 11.Bb5 O-O 12.O-O axb4 13.cxb4 Ra3 14.h3 Bxf3 15.Nxf3
Rfa8 16.Rfd1 Rxa2 17.Rxa2 Rxa2 18.Bxd7 Nxd7 19.Rxd5 Nf6 20.Rd4 h6 21.Ne5 Rb2
22.c6 bxc6 23.Nxc6 Kf8 24.Bf4 g5 25.Be5 Ne8 26.Kf1 Bf6 27.Ke1 Bxe5 28.Nxe5 Nf6
29.Nd3 Rb1+ 30.Kd2 Ke7 31.Kc3 Nd7 32.Kc4 f6 33.Kd5 h5 34.Kc6 Ne5+ 35.Nxe5 fxe5
36.Re4 Ke6 37.Rc4 Rb2 38.b5 Rxf2 39.b6 Rxg2 40.b7 Rb2 41.Rc5 Rxb7 42.Kxb7 g4
43.Kc6 Kf5 44.h4 Kf4 45.Kd5 g3 46.Rc4+ Kf3 47.Kxe5 g2 48.Rc1 Kg3 49.Ke4 Kxh4
50.Kf3 Kh3 51.Rg1 h4 52.Kf2 Kh2 53.Rxg2+ Kh1 54.Rg4 h3 55.Kg3 {#r} 1-0

[Event "FSIM March 2017"]
[Site "Budapest HUN"]
[Date "2017.03.11"]
[Round "7.5"]
[White "Toth,Be1"]
[Black "Karn,T"]
[Result "1-0"]
[WhiteElo "2347"]
[BlackElo "2131"]

1.d4 Nf6 2.c4 c5 3.d5 b5 4.cxb5 a6 5.bxa6 g6 6.Nc3 Bxa6 7.Nf3 d6 8.e4 Bxf1
9.Kxf1 Nbd7 10.g3 Bg7 11.Kg2 O-O 12.a4 Qb6 13.Qe2 Ne8 14.Bg5 f6 15.Bd2 Nc7
16.h4 Rfb8 17.h5 Qa6 18.Qxa6 Rxa6 19.hxg6 hxg6 20.Ra2 Nb6 21.Bc1 Nc4 22.Re1
Rab6 23.Re2 Kf7 24.Nd1 Ra8 25.Ne3 Nxe3+ 26.Bxe3 Rb4 27.a5 Rb5 28.Bd2 Na6
29.Re1 Ke8 30.Rea1 Kd7 31.Bc3 Nb4 32.Ra4 Nd3 33.Nd2 Nxb2 34.Bxb2 Rxb2 35.Nc4
Rbb8 36.Nb6+ Kc7 37.Nxa8+ Rxa8 38.Rh1 Rh8 39.Rxh8 Bxh8 40.a6 Kb8 41.Ra1 f5
42.Rb1+ Ka7 43.exf5 gxf5 44.Rb7+ Kxa6 45.Rxe7 c4 46.Rc7 Kb5 47.Kf3 Bd4 48.Ke2
Bb6 49.Rc8 Kb4 50.f3 Bc5 51.Rb8+ Kc3 52.g4 fxg4 53.fxg4 Kd4 54.g5 Ke5 55.Rf8
Kxd5 56.g6 Bd4 57.Rf7 {#r} 1-0

[Event "49th Belgrade WGM 2017"]
[Site "Belgrade SRB"]
[Date "2017.03.11"]
[Round "9.3"]
[White "Blagojevic,Tijana"]
[Black "Tomilova,E"]
[Result "0-1"]
[WhiteElo "2259"]
[BlackElo "2292"]

1.e4 c5 2.Nf3 a6 3.c4 Nc6 4.d4 cxd4 5.Nxd4 e5 6.Nc2 Bc5 7.Bd3 Nf6 8.Nc3 d6
9.Be2 O-O 10.O-O Be6 11.Bg5 h6 12.Bh4 Nd4 13.Ne3 g5 14.Bg3 Rc8 15.Bd3 b5
16.Ncd5 bxc4 17.Nxf6+ Qxf6 18.Bxc4 Qg6 19.Qd3 a5 20.Rac1 Kh7 21.Rc3 Bb4
22.Bxe6 fxe6 23.Rxc8 Rxc8 24.a3 Bc5 25.Rc1 Qe8 26.h4 gxh4 27.Bh2 a4 28.Rc4 Qg6
29.Kf1 Rf8 30.Rxc5 dxc5 31.Bxe5 Rd8 32.Nc4 Qg5 33.Kg1 Nc6 34.Bd6 Ne5 35.Qc2
Nxc4 36.e5+ Kh8 37.Qxc4 Rg8 38.Qe4 c4 39.Qb7 Qc1+ 40.Kh2 Qf4+ 41.Kg1 Rg7
42.Qc6 h3 43.g3 h2+ 44.Kg2 h1=Q+ 45.Kxh1 Qxf2 46.Qa8+ Rg8 47.Qg2 Qxg3 {#R} 0-1

[Event "49th Belgrade WGM 2017"]
[Site "Belgrade SRB"]
[Date "2017.03.11"]
[Round "9.5"]
[White "Nestorovic,Katarina"]
[Black "Dimitrijevic,A"]
[Result "0-1"]
[WhiteElo "2134"]
[BlackElo "2262"]

1.e4 d6 2.d4 Nf6 3.Nc3 e5 4.Nf3 Nbd7 5.Bc4 Be7 6.O-O O-O 7.Re1 c6 8.a4 h6 9.h3
Re8 10.Ba2 Qc7 11.Nh4 Nf8 12.Qd3 exd4 13.Qxd4 d5 14.e5 N6d7 15.Nf5 Bc5 16.Qg4
Ng6 17.Ne4 Ndxe5 18.Nxh6+ Kf8 19.Qh5 dxe4 20.Nxf7 Nxf7 21.Qxc5+ Qd6 22.Qh5 Re5
23.Qh7 Qf6 24.Bd2 Be6 25.Bc3 Bxa2 26.Rxa2 Ng5 27.Bxe5 Nxh7 28.Bxf6 Nxf6 29.Ra3
Rd8 30.Rb3 b6 31.a5 Rd2 32.axb6 axb6 33.Rxb6 Rxc2 34.Rb8+ Kf7 35.Rb7+ Ne7
36.f3 Ke6 37.g4 g5 38.fxe4 Ng6 39.Rb3 Ke5 40.Rf3 Nf4 41.b3 c5 42.Kf1 Rh2
43.Kg1 Rg2+ 44.Kh1 Rc2 45.Rg3 Kd4 46.e5 Ne4 47.Rf3 Nd3 48.Rxd3+ Kxd3 49.e6 Re2
50.Rd1+ Nd2 51.h4 gxh4 52.g5 Rxe6 {#R} 0-1

[Event "135th Varsity Match 2017"]
[Site "London ENG"]
[Date "2017.03.11"]
[Round "1.2"]
[White "Gerlagh,Joris"]
[Black "Fernandez,Dan SIN"]
[Result "0-1"]
[WhiteElo "2271"]
[BlackElo "2481"]

1.d4 a6 2.g3 d5 3.Bg2 Nf6 4.Nf3 b5 5.O-O e6 6.a4 Bb7 7.axb5 axb5 8.Rxa8 Bxa8
9.Qd3 b4 10.Bf4 c5 11.Qb5+ Nfd7 12.Ne5 Qb6 13.Qxb6 Nxb6 14.Nxf7 Kxf7 15.Bxb8
cxd4 16.Ba7 Bc5 17.Nd2 Bb7 18.Nb3 Ra8 19.Nxc5 Rxa7 20.f4 Nc4 21.f5 e5 22.Nxb7
Ne3 23.Nd6+ Kf6 24.Rc1 Rd7 25.Nc8 e4 26.Ra1 Rc7 27.Ra6+ Kg5 28.Nd6 Rxc2 29.h4+
Kg4 30.Ra7 Nxg2 31.Kxg2 Rxe2+ 32.Kf1 Rxb2 33.Rxg7+ Kf3 34.Ke1 b3 35.f6 Rb1+
36.Kd2 e3+ 37.Kd3 Rd1# 0-1

[Event "135th Varsity Match 2017"]
[Site "London ENG"]
[Date "2017.03.11"]
[Round "1.6"]
[White "Horton,Jamie A"]
[Black "Murphy,Conor E"]
[Result "1-0"]
[WhiteElo "2180"]
[BlackElo "2077"]

1.e4 c5 2.Nf3 Nc6 3.Bb5 Nf6 4.Nc3 Qc7 5.O-O Nd4 6.Bc4 a6 7.a4 e6 8.d3 Ng4 9.g3
Nxf3+ 10.Qxf3 Ne5 11.Qe2 Nxc4 12.dxc4 Be7 13.Bf4 Qc6 14.Rad1 O-O 15.Rd3 b6
16.Rfd1 f5 17.Bd6 Bxd6 18.Rxd6 Qc7 19.Qd2 Rb8 20.b3 fxe4 21.Nxe4 b5 22.axb5
axb5 23.Qg5 Rf5 24.Qe7 bxc4 25.bxc4 h6 26.Rxe6 Rf7 27.Qe8+ Rf8 28.Nf6+ gxf6
29.Qg6+ Kh8 30.Re7 {#r} 1-0

[Event "ch-CZE Junior 2017"]
[Site "Kouty nad Desnou CZE"]
[Date "2017.03.11"]
[Round "2.2"]
[White "Vykouk,Jan"]
[Black "Liska,Ji2"]
[Result "1-0"]
[WhiteElo "2424"]
[BlackElo "2223"]

1.e4 e5 2.Nf3 Nf6 3.Nxe5 d6 4.Nc4 Nxe4 5.Qe2 Qe7 6.Ne3 c6 7.b3 d5 8.Bb2 Nf6
9.g3 Ng4 10.Ba3 c5 11.Nxd5 Qxe2+ 12.Bxe2 Kd8 13.Ne3 Nf6 14.Nc3 Nc6 15.Na4 b6
16.Bf3 Bd7 17.Nc3 Rc8 18.O-O-O Nd4 19.Bb7 Rc7 20.Bg2 Bc6 21.Ncd5 Nxd5 22.Bxd5
Bxd5 23.Nxd5 Rd7 24.c4 g6 25.Bb2 Bg7 26.Bxd4 Bxd4 27.f3 Re8 28.Rhe1 Re6 29.d3
Rdd6 30.Kd2 Kd7 31.Re4 Kd8 32.Rde1 g5 33.R1e2 Kd7 34.f4 gxf4 35.Nxf4 Rxe4
36.Rxe4 Rh6 37.Re2 Kd6 38.Ke1 Be5 39.Nd5 Rg6 40.Kf1 h5 41.Re4 Rg5 42.Kg2 Rf5
43.Ne3 Rf6 44.g4 hxg4 45.Rxe5 {#r} 1-0

[Event "ch-CZE Junior 2017"]
[Site "Kouty nad Desnou CZE"]
[Date "2017.03.11"]
[Round "2.3"]
[White "Szotkowski,J"]
[Black "Slovak,Kilian"]
[Result "1-0"]
[WhiteElo "2379"]
[BlackElo "2143"]

1.d4 Nf6 2.c4 g6 3.g3 Bg7 4.Bg2 d6 5.Nc3 O-O 6.Nf3 Nc6 7.O-O Bf5 8.d5 Na5
9.Nd4 Bd7 10.Qd3 c5 11.dxc6 Nxc6 12.b3 Ng4 13.e3 Qa5 14.Nd5 e6 15.Bd2 Qd8
16.Nb4 Qg5 17.Rad1 Nce5 18.Qe2 a5 19.Nbc2 Nc6 20.Nb5 h5 21.h3 Nh6 22.h4 Qe7
23.a4 Nf5 24.Bc1 Be5 25.e4 Nxg3 26.fxg3 Bxg3 27.Bg5 f6 28.Qf3 Be5 29.Bf4 d5
30.Qg3 Kh7 31.exd5 exd5 32.cxd5 Qc5+ 33.Qf2 {#r} 1-0